=LDR 00000nam 2200000 4500 =001 001129 =005 20250713055855 =035 ##$$a 0010-0725001013 =007 ta =008 250713################a##########0#ind## =020 ##$$a 978-623-307-316-5 =082 ##$$a 398. 209 598 =084 ##$$a 398. 209 598 AIN d =100 #$$a Aindri C =245 1#$$a Di Mana Ranette Bersembunyi? /$c Aindri C =250 ##$$a Cetakan Pertama =260 ##$$a Jakarta Timur :$b Badan Pengembangan dan Pembinaan Bahasa,$c 2024 =300 ##$$a 14 hlm. : $b Ilus. ; $c 29 cm =650 #4$$a Cerita anak Indonesia-Terjemahan =650 #4$$a Literasi-Bahan Bacaan =990 ##$$a TBM202400677